000 00615nam a2200217 a 4500
001 BRCA_6892
005 20190320205630.0
008 111111s1911----gw-a######---#000-0#ger-#
041 _ager
044 _agw
050 4 _aQB51
_b.O67 1911
100 1 _aOppenheim, Samuel
_d1857-1928
_917169
245 1 0 _aProbleme der modernen Astronomie
_cvon Prof. Dr. S. Oppenheim
260 _aLeipzig, Alemania
_bB. G. Teubner
_c1911
300 _aiv, 156 p.
_bil.
_c19 cm.
440 0 _aAus Natur und Geisteswelt
_v355
_917170
500 _aO94
650 1 4 _aAstronomía
_xProblema
_917171
902 _aGFM
942 _2lcc
_cB
999 _c6574
_d6574